000 00369nam a22001217a 4500
999 _c382
_d382
005 20200812160210.0
008 200812b ||||| |||| 00| 0 eng d
020 _a180505
040 _cCML
245 _aInformation Service in Libraries.
_cForskett, D.J.
260 _aGreat Britain.
_bFletcher and Son Ltd
_c1958
942 _2ddc
_cBK
_e1st Edition
_h025
_mFOS